000 00498nam a22001937a 4500
003 MPLRDC
005 20220104154848.0
008 210129b ||||| |||| 00| 0 eng d
020 _a957-466-670-0
082 _a312.953 LJZ
100 _a燎俊哲, 数位魔法工坊编著
245 _aBIOS完全解码
_c
250 _a初版
260 _a台湾
_b文魁资讯股份有限公司
_c2002
300 _b
490 _a文魁. T2188
650 _a作业系统
942 _cBK
_o312.953 LJZ
999 _c54199
_d54189